| 000 | 00440cam a2200169ua 4500 | ||
|---|---|---|---|
| 041 |
_aeng _h |
||
| 082 |
_a821 _bTEN/PO |
||
| 100 | _aTennyson, Alfred. | ||
| 245 |
_aPoems, Vol 1 / _cAlfred Tennyson. _hTextual Documents |
||
| 260 |
_aLondon : _bJ M Dent and Sons Ltd , _c1962. |
||
| 300 | _a400 ; . | ||
| 440 | 0 |
_aEveryman`s Library, _v44 _x; |
|
| 490 | 0 |
_aEveryman`s Library, _v44 _x; |
|
| 504 | _a | ||
| 942 | _cBK | ||
| 999 |
_c6027 _d6027 |
||